| 000 | 00850nam a2200229 a 4500 | ||
|---|---|---|---|
| 001 | 000005135 | ||
| 005 | 20200929151604.0 | ||
| 008 | 780222s1976 pr ac s000 p spa | ||
| 040 |
_aDO-SdBNP _bspa _cBNPHU |
||
| 082 |
_aPR861.44 _bP744m |
||
| 245 | 0 | 0 |
_aPoemario de la mujer puertorriquena / _cMarina Arzola ... [et al.]. |
| 260 |
_aSan Juan de Puerto Rico : _bInstituto de Cultura Puertorriquena, _c1976. |
||
| 300 |
_av. : _bil, retrs. ; _c18 cm. |
||
| 490 | 1 |
_aLiteratura hoy ; _v10 |
|
| 500 | _aLa biblioteca posee el v.1, t.1 | ||
| 650 | 4 |
_aPoesía puertorriqueña _xMujeres como autores _914701 |
|
| 700 | 1 | 2 |
_aArzola, Marina, _d1939-1976. _914702 |
| 700 | 1 | 2 |
_aBarreto, Lydia Zoraida, _d1948- _914703 |
| 710 | 2 |
_aInstituto de Cultura Puertorriquena. _94083 |
|
| 830 | 0 |
_aLiterattura hoy; _n10 _914704 |
|
| 910 | _aValidado. Control de calidad MFF | ||
| 999 |
_c4938 _d4938 |
||